| 000 | 00585nam a2200229Ia 4500 | ||
|---|---|---|---|
| 001 | 1997 | ||
| 003 | GE_BSU | ||
| 008 | 181216s||||||||xx |||||||||||||| ||und|| | ||
| 020 | _a5222097919 | ||
| 040 | _cGE_BSU | ||
| 080 | _a316.3/4(075.8) | ||
| 100 | _aСтепанов,О.В. | ||
| 245 | _aСоциология права | ||
| 245 | _bСерия "Высшее образование | ||
| 260 | _aРостов на Дону | ||
| 260 | _bФеникс | ||
| 260 | _c2006 | ||
| 300 | _a285стр. | ||
| 541 | _h8л. | ||
| 653 | _aСоциология права | ||
| 942 | _cBK | ||
| 999 |
_c36097 _d36097 |
||